| 000 | 01310nam a2200325Ia 4500 | ||
|---|---|---|---|
| 001 | ebr10128962 | ||
| 003 | CaPaEBR | ||
| 006 | m u | ||
| 007 | cr cn||||||||| | ||
| 008 | 020409s2002 enk s 100 0 eng d | ||
| 010 | _z 2002001292 | ||
| 020 | _z185383890X | ||
| 020 | _z1853838918 (PBK.) | ||
| 040 |
_aCaPaEBR _cCaPaEBR |
||
| 035 | _a(OCoLC)228140722 | ||
| 050 | 1 | 4 |
_aK738 _b.H65 2002eb |
| 082 | 0 | 4 |
_a333.31091724 _221 |
| 245 | 0 | 0 |
_aHolding their ground _h[electronic resource] : _bsecure land tenure for the urban poor in developing countries / _cedited by Alain Durand-Lasserve and Lauren Royston. |
| 260 |
_aLondon : _bEarthscan, _c2002. |
||
| 300 | _axvi, 264 p. | ||
| 533 |
_aElectronic reproduction. _bPalo Alto, Calif. : _cebrary, _d2011. _nAvailable via World Wide Web. _nAccess may be limited to ebrary affiliated libraries. |
||
| 650 | 0 |
_aLand tenure _zDeveloping countries. |
|
| 650 | 0 |
_aCity planning _zDeveloping countries. |
|
| 650 | 0 |
_aUrban poor _zDeveloping countries _xSocial conditions. |
|
| 655 | 7 |
_aElectronic books. _2local |
|
| 700 | 1 | _aDurand-Lasserve, Alain. | |
| 700 | 1 |
_aRoyston, Lauren, _d1967- |
|
| 710 | 2 | _aebrary, Inc. | |
| 856 | 4 | 0 |
_uhttp://site.ebrary.com/lib/rucke/Doc?id=10128962 _zAn electronic book accessible through the World Wide Web; click to view |
| 999 |
_c81574 _d81574 |
||